Statistics for Cities Within 1000 Miles from New York City

Click here to take the quiz!

General Stats

  • This quiz has been taken 1,844 times
    (1,813 since last reset)
  • The average score is 18 of 27

Answer Stats

DistanceCity% Correct
190Boston
95%
81Philadelphia
93%
711Chicago
89%
204Washington
89%
482Detroit
81%
404Cleveland
78%
315Pittsburgh
78%
745Atlanta
77%
342Toronto
77%
563Cincinnati
73%
292Buffalo
71%
643Indianapolis
71%
332Montreal
71%
531Charlotte
69%
477Columbus
68%
424Raleigh
60%
337Ottawa
59%
286Richmond
59%
952Memphis
57%
731Milwaukee
57%
873St Louis
56%
648Louisville
54%
835Jacksonville
53%
100Hartford
51%
287Virginia Beach
46%
938Orlando
42%
449Greensboro
22%

Score Distribution

Percentile by Number Answered

Percent of People with Each Score

Your Score History

You have not taken this quiz since the last reset